000 00211nam a2200097Ia 4500
008 240331s9999 xx 000 0 und d
082 _bSEN
100 _aSeneviratne, M
245 4 _aThe fleeting moment
942 _cL
999 _c4357
_d4357